Feminisms : (Record no. 9022)

MARC details
000 -LEADER
fixed length control field 00521nam a22001938i 4500
001 - CONTROL NUMBER
control field 019798986
003 - CONTROL NUMBER IDENTIFIER
control field Uk
005 - DATE AND TIME OF LATEST TRANSACTION
control field 20220610154815.0
008 - FIXED-LENGTH DATA ELEMENTS--GENERAL INFORMATION
fixed length control field 200506s2020 enk 000|0|eng d
020 ## - INTERNATIONAL STANDARD BOOK NUMBER
International Standard Book Number 9780141985985
082 04 - DEWEY DECIMAL CLASSIFICATION NUMBER
Classification number 305.42 DEL 2020
100 1# - MAIN ENTRY--PERSONAL NAME
Personal name Delap, Lucy,
Relator term author.
245 10 - TITLE STATEMENT
Title Feminisms :
Remainder of title a global history /
Statement of responsibility, etc. Lucy Delap.
264 #1 - PRODUCTION, PUBLICATION, DISTRIBUTION, MANUFACTURE, AND COPYRIGHT NOTICE
Place of production, publication, distribution, manufacture London :
Name of producer, publisher, distributor, manufacturer Pelican,
Date of production, publication, distribution, manufacture, or copyright notice 2020.
300 ## - PHYSICAL DESCRIPTION
Extent 394 pages ;
Dimensions 23 cm.
650 #0 - SUBJECT ADDED ENTRY--TOPICAL TERM
Topical term or geographic name entry element Feminism
General subdivision History.
776 08 - ADDITIONAL PHYSICAL FORM ENTRY
Relationship information ebook version :
International Standard Book Number 9780141985992.
942 ## - ADDED ENTRY ELEMENTS (KOHA)
Source of classification or shelving scheme Dewey Decimal Classification
Koha item type Main
Holdings
Withdrawn status Lost status Source of classification or shelving scheme Damaged status Not for loan Collection code Home library Current library Shelving location Date acquired Serial Enumeration / chronology Total Checkouts Full call number Barcode Date last seen Date last checked out Price effective from Koha item type
    Dewey Decimal Classification     Main TEST RTC Library RTC Library Main opac 10/06/2022 16457 1 305.42 DEL 2020 30015468 25/09/2022 08/09/2022 10/06/2022 Main
Royal Thimphu College || All Right Reserved